| 000 | 00527nam a2200169 i 4500 | ||
|---|---|---|---|
| 001 | 40612 | ||
| 003 | ES-MaACL | ||
| 005 | 20230906160253.0 | ||
| 007 | t| | ||
| 008 | 030306s1843 sp ||||1| spa d | ||
| 100 | 1 |
_aCarrel, Armand. _935610 |
|
| 245 | 1 | 0 |
_aHistoria de la contrarevolución de Inglaterra bajo Carlos II y Jacobo II / _cpor Armand Carrel. |
| 260 |
_a[S.l. : _bs.n., _c1843] ( _eSevilla : _fEstablecimiento Tipográfico) |
||
| 300 |
_a300 p. ; _c18 cm. |
||
| 852 |
_aES-MaACL _jG-9259 |
||
| 852 |
_aES-MaACL _jD-437 |
||
| 999 |
_c40612 _d40612 |
||